[Event "BL 0506 Hamburger SK - SK Zehlendorf"]
[Site "?"]
[Date "2005.12.10"]
[Round "5.5"]
[White "Klimm, Wolf-Dietrich"]
[Black "Heinemann, Thies"]
[Result "1/2-1/2"]
[WhiteElo "2287"]
[BlackElo "2441"]
[PlyCount "36"]
[EventDate "2005.??.??"]

1. Nf3 c5 2. c4 Nf6 3. g3 b6 4. Bg2 Bb7 5. O-O e6 6. Nc3 Be7 7. d4 cxd4 8. Qxd4
d6 9. b3 Nbd7 10. e4 a6 11. Ba3 Qc7 12. Rfd1 Nc5 13. e5 dxe5 14. Qxe5 Rc8 15.
Bb2 O-O 16. Qxc7 Rxc7 17. Ne5 Rb8 18. Rd4 Bxg2 1/2-1/2

[Event "BL 0506 Hamburger SK - SK Zehlendorf"]
[Site "?"]
[Date "2005.12.10"]
[Round "5.7"]
[White "Brustkern, Juergen"]
[Black "Michaelsen, Nils"]
[Result "0-1"]
[WhiteElo "2236"]
[BlackElo "2420"]
[PlyCount "60"]
[EventDate "2005.??.??"]

1. e4 c5 2. Nf3 e6 3. Qe2 Nc6 4. g3 g6 5. Na3 d6 6. c3 Bg7 7. d4 cxd4 8. cxd4
Nge7 9. Bg2 O-O 10. Nc2 b6 11. O-O a5 12. Re1 Ba6 13. Qd1 Rc8 14. d5 exd5 15.
exd5 Ne5 16. Bg5 h6 17. Bxe7 Qxe7 18. Ncd4 Rfe8 19. Nc6 Nxf3+ 20. Bxf3 Qd7 21.
Be2 Bxe2 22. Rxe2 Rxe2 23. Qxe2 Re8 24. Qb5 Qf5 25. Nxa5 Re4 26. Nc6 h5 27. Rd1
h4 28. Qxb6 h3 29. Qb3 Re2 30. Rf1 Qe4 0-1

[Event "BL 0506 Werder Bremen - Leipzig Gohlis"]
[Site "?"]
[Date "2005.12.10"]
[Round "5.2"]
[White "Hracek, Zbynek"]
[Black "Voigt, Roland"]
[Result "1-0"]
[WhiteElo "2581"]
[BlackElo "2384"]
[PlyCount "89"]
[EventDate "2005.??.??"]

1. d4 Nf6 2. c4 g6 3. Nc3 Bg7 4. e4 d6 5. Nf3 O-O 6. Be2 e5 7. d5 Na6 8. Nd2 h5
9. Nb3 c5 10. dxc6 bxc6 11. O-O Rb8 12. Bg5 Nc7 13. Na5 Qd7 14. Rb1 Ne6 15. Be3
Nd4 16. b4 Qc7 17. h3 Re8 18. Bd3 Nh7 19. a3 Nf8 20. Ne2 Nfe6 21. Nxd4 Nxd4 22.
Qd2 Be6 23. b5 cxb5 24. cxb5 d5 25. Rfc1 Qd7 26. Bxd4 exd4 27. Nc6 Rb7 28. e5
Bf5 29. Re1 Bh6 30. Bxf5 Bxd2 31. Bxd7 Rxd7 32. Red1 Bc3 33. Kf1 Rb7 34. a4 Kg7
35. h4 f6 36. e6 Rc7 37. e7 Kf7 38. Ke2 Ke6 39. Kd3 Kd6 40. Rdc1 Rb7 41. Rc2
Rc7 42. Re2 Rb7 43. g3 Rc7 44. Rc1 Rb7 45. Nxd4 1-0

[Event "BL 0506 Werder Bremen - Leipzig Gohlis"]
[Site "?"]
[Date "2005.12.10"]
[Round "5.3"]
[White "Roos, Michael"]
[Black "Pelletier, Yannick"]
[Result "0-1"]
[WhiteElo "2371"]
[BlackElo "2583"]
[PlyCount "82"]
[EventDate "2005.??.??"]

1. d4 Nf6 2. c4 e6 3. Nc3 Bb4 4. Qc2 O-O 5. Nf3 c5 6. dxc5 Na6 7. e3 Nxc5 8.
Bd2 b6 9. Be2 Bb7 10. O-O Rc8 11. Nb5 Be4 12. Qd1 Bxd2 13. Nxd2 a6 14. Nd6 Rc6
15. N6xe4 Ncxe4 16. Nxe4 Nxe4 17. Qd4 f5 18. Rad1 Rd6 19. Qe5 Rxd1 20. Rxd1 Qf6
21. Qxf6 Nxf6 22. f4 a5 23. Rd3 Rc8 24. Rb3 Rc6 25. Bf3 Rxc4 26. Rxb6 Kf7 27.
Kf1 Rc2 28. h3 h6 29. Ke1 g5 30. Kd1 Rc4 31. g3 g4 32. hxg4 fxg4 33. Be2 Rc5
34. Rb5 Rxb5 35. Bxb5 Ne4 36. Bxd7 Nxg3 37. Ke1 Ke7 38. Bc8 h5 39. Kf2 Ne4+ 40.
Kg2 Nc5 41. f5 e5 0-1

[Event "BL 0506 Werder Bremen - Leipzig Gohlis"]
[Site "?"]
[Date "2005.12.10"]
[Round "5.4"]
[White "Babula, Vlastimil"]
[Black "Zesch, Ludwig"]
[Result "1-0"]
[WhiteElo "2593"]
[BlackElo "2292"]
[PlyCount "81"]
[EventDate "2005.??.??"]

1. d4 Nf6 2. c4 g6 3. Nc3 Bg7 4. e4 d6 5. Nf3 O-O 6. Be2 Bg4 7. Be3 Nfd7 8. Rc1
a6 9. d5 a5 10. O-O Na6 11. Re1 Nac5 12. h3 Bxf3 13. Bxf3 e5 14. b3 f5 15. a3
f4 16. Bxc5 Nxc5 17. b4 Nd7 18. Nb5 b6 19. Bg4 h5 20. Be6+ Kh7 21. Rc3 Bf6 22.
g4 Kh6 23. gxh5 gxh5 24. Kh1 axb4 25. axb4 Bh4 26. Qe2 Ra4 27. Rb3 Nf6 28. Rg1
Nh7 29. Nc3 Ra8 30. c5 Ng5 31. cxb6 cxb6 32. Bf5 Rg8 33. Nb5 Ra4 34. Rbb1 Rf8
35. Rbc1 Rg8 36. Nxd6 Qxd6 37. Rc6 Rd8 38. Qb2 Qxc6 39. dxc6 Rd4 40. c7 Ra8 41.
Qc3 1-0

[Event "BL 0506 Werder Bremen - Leipzig Gohlis"]
[Site "?"]
[Date "2005.12.10"]
[Round "5.5"]
[White "Schoeneberg, Manfred"]
[Black "Fish, Gennadij"]
[Result "0-1"]
[WhiteElo "2322"]
[BlackElo "2550"]
[PlyCount "124"]
[EventDate "2005.??.??"]

1. Nf3 Nf6 2. c4 e6 3. b3 b6 4. g3 Bb7 5. Bg2 Be7 6. Bb2 c5 7. O-O O-O 8. Nc3
d5 9. cxd5 Nxd5 10. Nxd5 Bxd5 11. Re1 Na6 12. e4 Bb7 13. d4 cxd4 14. Qxd4 Qxd4
15. Nxd4 Nc5 16. Rad1 Rfd8 17. e5 Bxg2 18. Kxg2 Rac8 19. Kf1 Kf8 20. Ba3 a6 21.
f4 Ke8 22. Bxc5 Rxc5 23. Nf3 Rdc8 24. Re2 Rc3 25. Ne1 h6 26. Rdd2 g5 27. fxg5
hxg5 28. Rc2 Bb4 29. Rxc3 Rxc3 30. Nc2 Bf8 31. Ne3 Bc5 32. Ng4 Kf8 33. Nf6 Kg7
34. Ne4 Rc1+ 35. Kg2 Kg6 36. Nxc5 Rxc5 37. g4 b5 38. h3 Rc3 39. Kh2 a5 40. Kg2
a4 41. bxa4 bxa4 42. Kh2 Ra3 43. Kg2 Kg7 44. Kh2 Kf8 45. Kg2 Ke7 46. Kh2 Kd7
47. Rf2 Kc6 48. Rxf7 Rxa2+ 49. Kg3 Ra3+ 50. Kh2 Re3 51. h4 gxh4 52. g5 Rxe5 53.
g6 Rg5 54. g7 Rg3 55. Ra7 Kb5 56. Rb7+ Kc4 57. Re7 a3 58. Rxe6 Rxg7 59. Ra6 Rg3
60. Ra4+ Kb3 61. Rxh4 Rc3 62. Rh8 a2 0-1

[Event "BL 0506 Werder Bremen - Leipzig Gohlis"]
[Site "?"]
[Date "2005.12.10"]
[Round "5.6"]
[White "Schandorff, Lars"]
[Black "Rausch, Stephan"]
[Result "1/2-1/2"]
[WhiteElo "2517"]
[BlackElo "2343"]
[PlyCount "48"]
[EventDate "2005.??.??"]

1. d4 d5 2. c4 e6 3. Nf3 c6 4. Qc2 dxc4 5. Qxc4 b5 6. Qc2 Bb7 7. Bg5 Qb6 8. e3
Nd7 9. Bd3 h6 10. Bh4 Rc8 11. Qe2 a6 12. O-O c5 13. Nbd2 Be7 14. Bg3 Ngf6 15.
Rac1 O-O 16. Rfd1 cxd4 17. Nxd4 Rxc1 18. Rxc1 Rc8 19. Rxc8+ Bxc8 20. N2b3 Bb7
21. Qc2 Nc5 22. Nxc5 Qxc5 23. Qxc5 Bxc5 24. Nb3 Be7 1/2-1/2

[Event "BL 0506 Werder Bremen - Leipzig Gohlis"]
[Site "?"]
[Date "2005.12.10"]
[Round "5.7"]
[White "Schunk, Thomas"]
[Black "Knaak, Rainer"]
[Result "1-0"]
[WhiteElo "2315"]
[BlackElo "2487"]
[PlyCount "103"]
[EventDate "2005.??.??"]

1. c4 e5 2. g3 Nc6 3. Bg2 f5 4. Nc3 Nf6 5. d3 d6 6. Nf3 Be7 7. Rb1 O-O 8. O-O
Qe8 9. Nd5 Bd8 10. Bg5 Nxd5 11. cxd5 Ne7 12. Rc1 h6 13. Bxe7 Qxe7 14. Rc4 b6
15. Ne1 Bb7 16. Nc2 a5 17. b4 Qf7 18. bxa5 b5 19. Rc3 Bxd5 20. Bxd5 Qxd5 21.
Nb4 Qf7 22. Nc6 Kh8 23. Qb3 Qh5 24. Rc2 Bg5 25. Qxb5 f4 26. Qd5 Qh3 27. Qg2 Qe6
28. Qe4 Qf7 29. Qc4 Qf5 30. Qd5 Qh3 31. Qe4 Qd7 32. Kg2 Qf7 33. f3 Rae8 34. Nb4
Ra8 35. Nc6 Rae8 36. a6 d5 37. Qa4 fxg3 38. hxg3 Be3 39. a7 Qe6 40. Rb2 Bb6 41.
Nb8 Rxb8 42. axb8=Q Rxb8 43. Rc1 Qe7 44. Qc6 Rd8 45. a4 Rd6 46. Qb7 e4 47. dxe4
dxe4 48. Qa8+ Rd8 49. Qxe4 Qg5 50. Rc6 Bd4 51. Rbc2 Qa5 52. Qe7 1-0

[Event "BL 0506 Werder Bremen - Leipzig Gohlis"]
[Site "?"]
[Date "2005.12.10"]
[Round "5.8"]
[White "Skripchenko-Lautier, Almira"]
[Black "Ohme, Melanie"]
[Result "1-0"]
[WhiteElo "2462"]
[BlackElo "2064"]
[PlyCount "105"]
[EventDate "2005.??.??"]

1. e4 c5 2. Nf3 e6 3. c3 Nf6 4. Bd3 d6 5. O-O Be7 6. Bc2 O-O 7. d4 cxd4 8. cxd4
b6 9. Nc3 Bb7 10. Re1 Nbd7 11. Bf4 a6 12. a4 Re8 13. Qd3 Nf8 14. Rad1 Qc7 15.
Rc1 Rac8 16. e5 dxe5 17. Nxe5 Qd8 18. Bb3 Nd5 19. Nxd5 Bxd5 20. Rxc8 Qxc8 21.
Bxd5 exd5 22. Rc1 Qb7 23. h3 Rc8 24. Re1 Ng6 25. Qf5 Bb4 26. Re2 Nxf4 27. Qxf4
Bd6 28. Qd2 Qc7 29. Re1 Qc2 30. Qf4 f6 31. Qf3 fxe5 32. Qxd5+ Kh8 33. Qxd6 exd4
34. Qxd4 b5 35. axb5 axb5 36. Re7 Qg6 37. Rb7 h6 38. Rxb5 Qe6 39. Rb7 Qg6 40.
Kh2 Rf8 41. b4 Qf6 42. Qxf6 Rxf6 43. f3 Kh7 44. b5 Rf4 45. b6 Kg6 46. Rc7 Rb4
47. b7 Kf6 48. Kg3 g6 49. Kf2 Ke5 50. g3 g5 51. Rh7 Kd4 52. g4 Ke5 53. Kg3 1-0

[Event "BL 0506 Godesberger SK - SC Kreuzberg"]
[Site "?"]
[Date "2005.12.10"]
[Round "5.1"]
[White "Nisipeanu, Liviu-Dieter"]
[Black "Kasimdzhanov, Rustam"]
[Result "1/2-1/2"]
[WhiteElo "2707"]
[BlackElo "2670"]
[PlyCount "34"]
[EventDate "2005.??.??"]

1. e4 e5 2. Nf3 Nc6 3. Bb5 a6 4. Bxc6 dxc6 5. O-O Bg4 6. h3 h5 7. d3 Qf6 8.
Nbd2 Ne7 9. Re1 Ng6 10. d4 Nf4 11. dxe5 Qg6 12. Nh4 Bxd1 13. Nxg6 Nxg6 14. Rxd1
Rd8 15. Re1 Nxe5 16. Nf3 Nxf3+ 17. gxf3 Bb4 1/2-1/2

[Event "BL 0506 Godesberger SK - SC Kreuzberg"]
[Site "?"]
[Date "2005.12.10"]
[Round "5.2"]
[White "Jenni, Florian"]
[Black "Almasi, Zoltan"]
[Result "1/2-1/2"]
[WhiteElo "2502"]
[BlackElo "2640"]
[PlyCount "56"]
[EventDate "2005.??.??"]

1. e4 e5 2. Nf3 Nc6 3. Bb5 Nf6 4. Nc3 Nd4 5. O-O c6 6. Bc4 Nxf3+ 7. Qxf3 d6 8.
d3 Be7 9. h3 Be6 10. Bb3 O-O 11. Qe2 Re8 12. Bxe6 fxe6 13. Be3 Rf8 14. f4 exf4
15. Rxf4 e5 16. Rf5 Qd7 17. Raf1 Qe6 18. Bg5 Rf7 19. b3 Raf8 20. Bxf6 Rxf6 21.
Rxf6 Bxf6 22. Nd1 g6 23. Ne3 h5 24. Kh2 Bg5 25. Rxf8+ Kxf8 26. g3 Kg7 27. h4
Bd8 28. Kg2 Bb6 1/2-1/2

[Event "BL 0506 Godesberger SK - SC Kreuzberg"]
[Site "?"]
[Date "2005.12.10"]
[Round "5.3"]
[White "Socko, Bartosz"]
[Black "Sprenger, Jan-Michael"]
[Result "0-1"]
[WhiteElo "2610"]
[BlackElo "2505"]
[PlyCount "92"]
[EventDate "2005.??.??"]

1. e4 c5 2. Nf3 d6 3. d4 cxd4 4. Nxd4 Nf6 5. Nc3 a6 6. Be3 e5 7. Nf3 Be7 8. Bc4
O-O 9. O-O Qc7 10. Nd5 Nxd5 11. Bxd5 Nd7 12. Qd3 Nf6 13. Bb3 Bd7 14. a4 b5 15.
Bg5 Rab8 16. a5 Rfd8 17. Bxf6 Bxf6 18. Bd5 b4 19. Nd2 Rb5 20. Nc4 Be6 21. Ra4
Bxd5 22. exd5 Qc5 23. Rd1 g6 24. b3 Bg7 25. Qh3 Qc7 26. Qh4 f5 27. f3 Re8 28.
g4 f4 29. Qe1 e4 30. fxe4 Qe7 31. Qf2 f3 32. Qxf3 Rf8 33. Qe3 Be5 34. h3 Rbb8
35. Rf1 Bc3 36. Raa1 Bxa1 37. Rxa1 Rbe8 38. Re1 Qh4 39. Nxd6 Rf3 40. Qxf3 Qxe1+
41. Kh2 Rf8 42. Nf5 gxf5 43. gxf5 Kh8 44. Qf4 Re8 45. Qd6 Qe2+ 46. Kg3 Rg8+ 0-1

[Event "BL 0506 Godesberger SK - SC Kreuzberg"]
[Site "?"]
[Date "2005.12.10"]
[Round "5.4"]
[White "Seel, Christian"]
[Black "Romanishin, Oleg M"]
[Result "1-0"]
[WhiteElo "2492"]
[BlackElo "2547"]
[PlyCount "105"]
[EventDate "2005.??.??"]

1. Nf3 Nf6 2. c4 e6 3. g3 a6 4. Bg2 b5 5. b3 Bb7 6. Nc3 b4 7. Na4 d6 8. d4 Nbd7
9. Bb2 Be7 10. O-O O-O 11. d5 e5 12. Ne1 Nb6 13. Nd3 a5 14. Nxb6 cxb6 15. f4 e4
16. Nf2 e3 17. Nd3 Re8 18. Bd4 Ng4 19. a3 bxa3 20. Rxa3 Bf6 21. Qa1 Rb8 22. h3
Bxd4 23. Qxd4 Nf6 24. b4 Ba6 25. bxa5 bxa5 26. c5 Bxd3 27. Rxd3 Rb4 28. Qc3
dxc5 29. Qxc5 Rb2 30. Rxe3 Rxe2 31. Rxe2 Rxe2 32. Ra1 h5 33. Rxa5 Rd2 34. Qb4
Rd1+ 35. Kh2 h4 36. gxh4 Nxd5 37. Qe4 Nf6 38. Qf5 Rd2 39. Rc5 Qb6 40. h5 Nd7
41. Rc8+ Nf8 42. Qg4 Qb7 43. h6 f5 44. Qg6 Qe7 45. h7+ Kh8 46. Qe8 Qxe8 47.
Rxe8 Kxh7 48. Rxf8 g6 49. Kg3 Kh6 50. Rh8+ Kg7 51. Ra8 Kh6 52. Bf3 Rd6 53. h4
1-0

[Event "BL 0506 Godesberger SK - SC Kreuzberg"]
[Site "?"]
[Date "2005.12.10"]
[Round "5.5"]
[White "Maiwald, Jens-Uwe"]
[Black "Langheinrich, Ferenc"]
[Result "1/2-1/2"]
[WhiteElo "2502"]
[BlackElo "2391"]
[PlyCount "118"]
[EventDate "2005.??.??"]

1. e4 c5 2. Nc3 a6 3. g3 b5 4. Bg2 Bb7 5. d3 e6 6. Nh3 d6 7. O-O Nd7 8. f4 b4
9. Ne2 Qc7 10. g4 Nb6 11. Ng3 d5 12. Qe2 dxe4 13. dxe4 c4 14. a3 bxa3 15. bxa3
Nf6 16. Kh1 Bc5 17. f5 e5 18. g5 Nfd7 19. Nh5 Rg8 20. Rb1 O-O-O 21. Bd2 Bxa3
22. Bb4 Bxb4 23. Rxb4 Bc6 24. Qg4 Kb8 25. Ng1 Ka7 26. Ne2 Qd6 27. Rfb1 Rb8 28.
Qh4 g6 29. Nhg3 Rh8 30. Nc3 Qc5 31. Nge2 Qe3 32. Rf1 h6 33. Rf3 Qc5 34. Rb1
hxg5 35. Qxg5 Rh5 36. Qg3 g5 37. f6 Rbh8 38. h3 R8h6 39. Qg4 Nf8 40. Rd1 Ne6
41. Rf5 Rh4 42. Qg3 Nf4 43. Nxf4 gxf4 44. Qf3 Rg6 45. Nd5 Rg3 46. Qe2 Bxd5 47.
exd5 Re3 48. Qf1 Qa3 49. Kg1 Qd6 50. Re1 Rh6 51. Rxe3 fxe3 52. Qf3 Rg6 53. Qxe3
Qxd5 54. Rf2 Qd4 55. Qxd4 exd4 56. Rf5 d3 57. cxd3 cxd3 58. Kf2 d2 59. Bf3 Nd7
1/2-1/2

[Event "BL 0506 Godesberger SK - SC Kreuzberg"]
[Site "?"]
[Date "2005.12.10"]
[Round "5.6"]
[White "Grafl, Florian"]
[Black "Kalinitschew, Sergey"]
[Result "1-0"]
[WhiteElo "2413"]
[BlackElo "2491"]
[PlyCount "111"]
[EventDate "2005.??.??"]

1. e4 c5 2. Nf3 Nc6 3. Bb5 e6 4. Bxc6 bxc6 5. b3 Ne7 6. Bb2 Ng6 7. h4 h5 8. e5
Be7 9. Nc3 c4 10. Ne4 c5 11. Nfg5 Qc7 12. Nd6+ Bxd6 13. exd6 Qc6 14. Qf3 Qxf3
15. Nxf3 cxb3 16. axb3 Bb7 17. Bxg7 Rg8 18. Bh6 f6 19. Ra5 c4 20. bxc4 Kf7 21.
Ke2 e5 22. g3 Rgc8 23. Rb1 Bxf3+ 24. Kxf3 Rxc4 25. Rb7 Ke6 26. Rc7 Rd4 27.
Rcxa7 Rxa7 28. Rxa7 Rxd6 29. Ra8 Rc6 30. c3 Kf5 31. Ra7 d5 32. Be3 Rc8 33. Rh7
Rh8 34. Rxh5+ Rxh5 35. g4+ Ke6 36. gxh5 e4+ 37. Kg3 Ne5 38. h6 Kf7 39. Bd4 Nf3
40. h7 Kg7 41. Bxf6+ Kxh7 42. d3 Nd2 43. Bg5 Nb1 44. dxe4 Nxc3 45. e5 Ne4+ 46.
Kf3 Nc5 47. Kg4 Kg6 48. f4 d4 49. e6 d3 50. h5+ Kg7 51. h6+ Kh7 52. f5 Ne4 53.
e7 Nd6 54. f6 Kg6 55. h7 Kxh7 56. f7 1-0

[Event "BL 0506 Godesberger SK - SC Kreuzberg"]
[Site "?"]
[Date "2005.12.10"]
[Round "5.7"]
[White "Volke, Karsten"]
[Black "Jackelen, Thomas"]
[Result "1/2-1/2"]
[WhiteElo "2473"]
[BlackElo "2454"]
[PlyCount "43"]
[EventDate "2005.??.??"]

1. Nf3 d5 2. d4 Nf6 3. c4 c6 4. Nc3 a6 5. c5 Nbd7 6. Bf4 Nh5 7. e3 b6 8. cxb6
Nxf4 9. exf4 e6 10. Bd3 Bd6 11. f5 Nxb6 12. fxe6 Bxe6 13. O-O O-O 14. Qc2 g6
15. Rfe1 Qf6 16. Na4 Nxa4 17. Qxa4 Rfc8 18. Rac1 c5 19. dxc5 Rxc5 20. Rxc5 Bxc5
21. Rc1 Bf8 22. Rc2 1/2-1/2

[Event "BL 0506 Godesberger SK - SC Kreuzberg"]
[Site "?"]
[Date "2005.12.10"]
[Round "5.8"]
[White "Dranov, Alexander"]
[Black "Tischbierek, Raj"]
[Result "0-1"]
[WhiteElo "2374"]
[BlackElo "2466"]
[PlyCount "78"]
[EventDate "2005.??.??"]

1. e4 c5 2. Nf3 d6 3. d4 cxd4 4. Nxd4 Nf6 5. Nc3 Nc6 6. Bg5 a6 7. Qd2 e6 8.
O-O-O Bd7 9. f4 Be7 10. Kb1 h6 11. Bh4 g5 12. fxg5 Ng4 13. Bg3 hxg5 14. Nxc6
Bxc6 15. Qe2 Nh6 16. Qd2 Qc7 17. Bd3 Ng4 18. Ne2 O-O-O 19. Rhf1 Rhf8 20. Nd4
Ne5 21. Nf3 f6 22. Nxe5 dxe5 23. Qe2 Kb8 24. h4 Rg8 25. hxg5 Rxg5 26. Bh4 Rg6
27. Bc4 Rxd1+ 28. Rxd1 f5 29. Bxe7 Qxe7 30. Qh5 Rg4 31. Qh8+ Ka7 32. Bd3 fxe4
33. Bf1 Qc5 34. Qh3 Rf4 35. Qxe6 Bd5 36. Qh3 Rf2 37. Qc3 Qxc3 38. bxc3 e3 39.
Re1 Kb6 {(Zeit)} 0-1

[Event "BL 0506 SG Köln Porz - SF Berlin"]
[Site "?"]
[Date "2005.12.10"]
[Round "5.1"]
[White "Nataf, Igor-Alexandre"]
[Black "Lutz, Christopher"]
[Result "1/2-1/2"]
[WhiteElo "2564"]
[BlackElo "2609"]
[PlyCount "118"]
[EventDate "2005.??.??"]

1. e4 c5 2. Nf3 e6 3. d4 cxd4 4. Nxd4 a6 5. c4 Nf6 6. Nc3 Bb4 7. Nc2 Bxc3+ 8.
bxc3 Qa5 9. Qd3 Nc6 10. Be2 d5 11. exd5 exd5 12. Qg3 O-O 13. Bh6 Ne8 14. O-O
dxc4 15. Bxc4 Qh5 16. Bf4 b5 17. Bb3 Na5 18. Rfe1 Nxb3 19. axb3 Qg6 20. Nd4 Bb7
21. Re7 Bd5 22. Re5 Qxg3 23. hxg3 Nf6 24. Bg5 Rfd8 25. b4 Ng4 26. Ree1 f6 27.
Bf4 g5 28. Bd2 Nh6 29. f3 Bc4 30. Be3 Re8 31. g4 Bd3 32. Kf2 Nf7 33. Nb3 Bc4
34. Nc5 Ne5 35. Bd4 Kf7 36. Bxe5 fxe5 37. Nd7 e4 38. Rxe4 Rxe4 39. fxe4 Be6 40.
Nc5 Bxg4 41. Rxa6 Rxa6 42. Nxa6 h5 43. Nb8 Kf6 44. Nc6 Bd7 45. Nd4 h4 46. Ke3
Be8 47. Nf3 Bh5 48. e5+ Kf5 49. Nd4+ Kxe5 50. Nxb5 g4 51. Nd4 h3 52. gxh3 gxh3
53. Nf3+ Kd5 54. Kf2 Kc4 55. Ne5+ Kxc3 56. b5 h2 57. Kg2 Kd4 58. b6 Kxe5 59. b7
h1=B+ 1/2-1/2

[Event "BL 0506 SG Köln Porz - SF Berlin"]
[Site "?"]
[Date "2005.12.10"]
[Round "5.2"]
[White "Sokolov, Ivan"]
[Black "Brynell, Stellan"]
[Result "1-0"]
[WhiteElo "2696"]
[BlackElo "2496"]
[PlyCount "89"]
[EventDate "2005.??.??"]

1. d4 e6 2. c4 Nf6 3. Nf3 b6 4. Nc3 Bb4 5. Qb3 a5 6. Bg5 Bb7 7. e3 h6 8. Bh4 g5
9. Bg3 Ne4 10. Bd3 d6 11. Bxe4 Bxe4 12. O-O-O Bxc3 13. Qxc3 Nd7 14. Ne1 Qe7 15.
f3 Bb7 16. e4 O-O-O 17. Nc2 f5 18. exf5 exf5 19. d5 Rde8 20. Rhe1 Qf6 21. Qxf6
Nxf6 22. Nd4 f4 23. Bf2 Nd7 24. Ne6 Nc5 25. Bxc5 bxc5 26. h4 Kd7 27. hxg5 hxg5
28. Nxg5 Reg8 29. Ne6 Rxg2 30. Rh1 Rhh2 31. Rxh2 Rxh2 32. Rg1 Ba6 33. Rg7+ Kc8
34. b3 Rxa2 35. Nxc7 Kb7 36. Ne6+ Kb6 37. Rd7 a4 38. Rxd6+ Ka5 39. Nxc5 Bc8 40.
Nxa4 Bf5 41. Rb6 Rf2 42. Rb5+ Ka6 43. Nc5+ Ka7 44. Rb7+ Ka8 45. Rf7 1-0

[Event "BL 0506 SG Köln Porz - SF Berlin"]
[Site "?"]
[Date "2005.12.10"]
[Round "5.4"]
[White "Timman, Jan H"]
[Black "Berndt, Stephan"]
[Result "1/2-1/2"]
[WhiteElo "2630"]
[BlackElo "2447"]
[PlyCount "108"]
[EventDate "2005.??.??"]

1. Nf3 Nf6 2. g3 b6 3. d4 e6 4. Bg2 Bb7 5. c4 Bb4+ 6. Bd2 Be7 7. Nc3 d5 8. Ne5
O-O 9. O-O c6 10. Rc1 Nbd7 11. Bf4 Rc8 12. e4 dxe4 13. Nxe4 Nxe4 14. Bxe4 Nxe5
15. Bxe5 Bd6 16. c5 bxc5 17. Bxd6 Qxd6 18. dxc5 Qc7 19. Qc2 g6 20. Rfd1 Rcd8
21. Qc3 e5 22. b4 Bc8 23. Qf3 Be6 24. Qf6 Bd5 25. Qf3 Bxa2 26. Bxc6 Be6 27. b5
Rd4 28. Rxd4 exd4 29. Qf4 Qxf4 30. gxf4 d3 31. Rd1 Rd8 32. b6 axb6 33. cxb6 Bb3
34. Rd2 Kf8 35. b7 Bc2 36. Bd7 Rb8 37. Bc8 Ke7 38. f3 Kd6 39. Kf2 Kc7 40. Ke3
Rxc8 41. bxc8=Q+ Kxc8 42. f5 Kd7 43. Rg2 Ke7 44. fxg6 fxg6 45. h4 Kf6 46. Rg5
Bd1 47. Rd5 Be2 48. h5 gxh5 49. Rxh5 Bd1 50. Rh6+ Kf5 51. Rd6 Bc2 52. f4 Bb1
53. Rd5+ Ke6 54. Re5+ Kf6 1/2-1/2

[Event "BL 0506 SG Köln Porz - SF Berlin"]
[Site "?"]
[Date "2005.12.10"]
[Round "5.5"]
[White "Borriss, Martin Dr"]
[Black "Graf, Alexander"]
[Result "0-1"]
[WhiteElo "2424"]
[BlackElo "2613"]
[PlyCount "68"]
[EventDate "2005.??.??"]

1. e4 e5 2. Nf3 Nc6 3. Bb5 a6 4. Ba4 Nf6 5. O-O Be7 6. Re1 b5 7. Bb3 O-O 8. a4
b4 9. a5 d5 10. exd5 e4 11. dxc6 exf3 12. d3 fxg2 13. Qf3 Rb8 14. Bc4 Be6 15.
Nd2 Bd5 16. Bxd5 Nxd5 17. Nc4 Bf6 18. Bd2 Rb5 19. Re2 Ne7 20. Rae1 Nf5 21. c3
Nh4 22. Qe4 Qd5 23. Qxd5 Rxd5 24. Re3 bxc3 25. Bxc3 Bxc3 26. bxc3 Rc5 27. Ne5
Re8 28. d4 Rxa5 29. Rb1 f6 30. Nc4 Rxe3 31. Nxe3 Rg5 32. Nxg2 Nxg2 33. Rb7 Nf4+
34. Kf1 Rb5 0-1

[Event "BL 0506 SG Köln Porz - SF Berlin"]
[Site "?"]
[Date "2005.12.10"]
[Round "5.6"]
[White "Van den Doel, Erik"]
[Black "Schneider, Ilja"]
[Result "1-0"]
[WhiteElo "2582"]
[BlackElo "2392"]
[PlyCount "85"]
[EventDate "2005.??.??"]

1. e4 e5 2. Nf3 d6 3. d4 exd4 4. Nxd4 Nf6 5. Nc3 Be7 6. Bf4 O-O 7. Be2 c6 8.
O-O Re8 9. Qd2 Bf8 10. f3 d5 11. Bg5 h6 12. Bxf6 Qxf6 13. exd5 Bc5 14. Rad1
cxd5 15. Kh1 Nc6 16. Ndb5 Qe5 17. f4 Qe7 18. Bf3 Be6 19. Nxd5 Bxd5 20. Bxd5 a6
21. Nc3 Rad8 22. Rfe1 Qc7 23. Rxe8+ Rxe8 24. Ne4 Bf8 25. a3 Kh8 26. g3 Rd8 27.
Qe2 Qb6 28. Ng5 Rxd5 29. Nxf7+ Kg8 30. Rxd5 Ne7 31. Rd6 Qc5 32. Qe6 Qf2 33.
Nxh6+ Kh7 34. Qe4+ g6 35. Rd1 Kxh6 36. Qg2 Qxg2+ 37. Kxg2 Nf5 38. Kf3 Nd6 39.
a4 b5 40. axb5 axb5 41. h4 Kg7 42. g4 Be7 43. Rd5 1-0

[Event "BL 0506 SG Köln Porz - SF Berlin"]
[Site "?"]
[Date "2005.12.10"]
[Round "5.7"]
[White "Thiede, Lars"]
[Black "Andersson, Ulf"]
[Result "1/2-1/2"]
[WhiteElo "2417"]
[BlackElo "2565"]
[PlyCount "48"]
[EventDate "2005.??.??"]

1. g3 c5 2. c4 g6 3. Bg2 Bg7 4. Nc3 Nc6 5. a3 b6 6. e3 Bxc3 7. dxc3 Bb7 8. b3
f5 9. Nh3 Nf6 10. Nf4 e6 11. a4 Qc7 12. Ra2 Ne5 13. f3 g5 14. Nd3 g4 15. Nxe5
Qxe5 16. fxg4 Bxg2 17. Rxg2 Nxg4 18. O-O h5 19. e4 Qxe4 20. Re2 Qc6 21. Rxf5
O-O-O 22. Rf7 h4 23. Rg2 Ne5 24. Rf1 hxg3 1/2-1/2

[Event "BL 0506 Solinger SG - SC Eppingen"]
[Site "?"]
[Date "2005.12.10"]
[Round "5.3"]
[White "Acs, Peter"]
[Black "Baramidze, David"]
[Result "1/2-1/2"]
[WhiteElo "2518"]
[BlackElo "2542"]
[PlyCount "89"]
[EventDate "2005.??.??"]

1. e4 c5 2. Nf3 d6 3. d4 cxd4 4. Nxd4 Nf6 5. Nc3 a6 6. Be3 e5 7. Nb3 Be6 8. Qd2
Be7 9. f3 Nbd7 10. g4 Nb6 11. g5 Nh5 12. O-O-O Rc8 13. Rg1 O-O 14. Kb1 g6 15.
Qf2 Nc4 16. Bxc4 Bxc4 17. Na4 Be6 18. Nb6 Rb8 19. c4 f5 20. gxf6 Rxf6 21. c5
Nf4 22. cxd6 Bxd6 23. Qd2 Bc7 24. Qc2 Bd6 25. Bc5 Bxb3 26. Qxb3+ Kg7 27. Nc4
Bxc5 28. Rxd8 Rxd8 29. Rf1 Bd4 30. Qxb7+ Kg8 31. Qc7 Re8 32. Rd1 h5 33. Na5 Ne6
34. Qc6 Ref8 35. Nb3 Kh8 36. Qxa6 Nc5 37. Qc4 Nxb3 38. axb3 Rxf3 39. Rd2 Rf1+
40. Kc2 Be3 41. Qe6 Bxd2 42. Qxe5+ Kh7 43. Kxd2 R8f3 44. b4 R1f2+ 45. Ke1
1/2-1/2

[Event "BL 0506 Solinger SG - SC Eppingen"]
[Site "?"]
[Date "2005.12.10"]
[Round "5.4"]
[White "Stellwagen, Daniel"]
[Black "Braun, Arik"]
[Result "1-0"]
[WhiteElo "2561"]
[BlackElo "2465"]
[PlyCount "111"]
[EventDate "2005.??.??"]

1. e4 c6 2. d4 d5 3. Nd2 dxe4 4. Nxe4 Bf5 5. Ng3 Bg6 6. h4 h6 7. Nf3 Nd7 8. h5
Bh7 9. Bd3 Bxd3 10. Qxd3 e6 11. Bf4 Ngf6 12. O-O-O Be7 13. Kb1 a5 14. Ne5 a4
15. c4 Qa5 16. Ne4 Rd8 17. Nxf6+ Bxf6 18. Ng4 Be7 19. a3 O-O 20. d5 cxd5 21.
Qg3 dxc4 22. Nxh6+ Kh7 23. Bc7 Qb5 24. Bxd8 Bxd8 25. Ng4 Nf6 26. Qe5 Qxe5 27.
Nxe5 Ne4 28. Rd7 c3 29. f3 Bf6 30. Ng4 Nd2+ 31. Kc2 Bg5 32. Kxc3 Rc8+ 33. Kd3
Nb3 34. Rd6 Bf4 35. Rb6 f5 36. Nf2 e5 37. Rd1 Nc1+ 38. Rxc1 Rxc1 39. Rxb7 Rg1
40. g4 e4+ 41. Ke2 fxg4 42. fxg4 Rg3 43. Rb4 Re3+ 44. Kd1 Be5 45. Nxe4 Kg8 46.
Nc5 Kf7 47. Nxa4 Kf6 48. Kd2 Rg3 49. Nc3 Rg2+ 50. Ke3 Bxc3 51. bxc3 Ra2 52. a4
Kg5 53. Kf3 Ra3 54. Rc4 Ra1 55. Rc5+ Kh4 56. h6 1-0

[Event "BL 0506 Solinger SG - SC Eppingen"]
[Site "?"]
[Date "2005.12.10"]
[Round "5.6"]
[White "Smeets, Jan"]
[Black "Medvegy, Zoltan"]
[Result "0-1"]
[WhiteElo "2531"]
[BlackElo "2478"]
[PlyCount "104"]
[EventDate "2005.??.??"]

1. e4 c6 2. d4 d5 3. Nc3 dxe4 4. Nxe4 Bf5 5. Ng3 Bg6 6. h4 h6 7. Nf3 e6 8. Ne5
Bh7 9. Bd3 Bxd3 10. Qxd3 Nd7 11. f4 Bb4+ 12. c3 Be7 13. Bd2 Ngf6 14. O-O-O c5
15. Be3 Qc7 16. Nxd7 Qxd7 17. dxc5 Qa4 18. Kb1 Rd8 19. Qe2 Rxd1+ 20. Rxd1 O-O
21. Bd4 Rd8 22. Re1 Rd5 23. f5 e5 24. Bxe5 Qxh4 25. Qf3 Qg4 26. Qxg4 Nxg4 27.
Bd4 Bxc5 28. Bxc5 Rxc5 29. Re8+ Kh7 30. Re7 h5 31. Rxf7 Nf6 32. Nxh5 Nxh5 33.
g4 Nf6 34. g5 Ne4 35. Re7 Nd6 36. f6 Rxg5 37. Re6 Nc4 38. b3 Na5 39. fxg7 Rxg7
40. b4 Nc4 41. a4 Nb6 42. a5 Nd5 43. Kb2 Rc7 44. b5 Nxc3 45. b6 axb6 46. axb6
Nd1+ 47. Kb3 Rd7 48. Kb4 Kg7 49. Re2 Kf6 50. Kc4 Re7 51. Rh2 Ne3+ 52. Kc5 Nf5
0-1